Music Quiz

Random Music or Album Quiz
Score 0/20 Timer 06:00
1 Play Today
% Correct
Pink Floyd - The Dark Side of the Moon
93.1%
Nirvana - Nevermind
78.7%
Bruce Springsteen - Born in the U.S.A
68.6%
The Beatles - Help!
54.4%
The Velvet Underground & Nico
43.9%
Led Zeppelin I
42.4%
Coldplay - X & Y
34.9%
David Bowie - Aladdin Sane
25.9%
The White Stripes - White Blood Cells
22.5%
The Strokes - Is This It?
22.2%
% Correct
Daft Punk - Random Access Memories
20%
Radiohead - Kid A
15.6%
Kanye West - 808s & Heartbreak
15%
Ramones
12.3%
Primal Scream - Screamadelica
11.7%
Santogold (Santigold)
10%
Foo Fighters - There Is Nothing Left To Lose
9.8%
Muse - The Resistance
9.3%
Kraftwerk - Autobahn
8.2%
Kasabian
3.8%
Remove Ads.
Support Sporcle.
Get the best of Sporcle when you Go Orange. This ad-free experience offers more features, more stats, and more fun while also helping to support Sporcle. Thank you for becoming a member.

You're not logged in!

Compare scores with friends on all Sporcle quizzes.
OR
Log In

Show Comments

Extras

Top Quizzes Today


Score Distribution

Your Account Isn't Verified!

In order to create a playlist on Sporcle, you need to verify the email address you used during registration. Go to your Sporcle Settings to finish the process.

Report this User

Report this user for behavior that violates our Community Guidelines.

Details: